Ponencias

Shranjeno v:
Bibliografske podrobnosti
Format: Texto
Izdano: San José: EUCR
Oznake: Označite
Brez oznak, prvi označite!

MARC

LEADER 00000 a a2200000 04500
001 28758
003
040
090 |a 189732  
245 |a Ponencias  
260 |a San José:   |b EUCR  
300 |a 157 p  
999 |c 12872  |d 12872